[Event "POL-chT3 Kujawsko-Pomorskie 2223"]
[Site "Poland"]
[Date "2022.??.??"]
[Round "1.22"]
[White "Bozenda, Michal"]
[Black "Jeziorny, Janusz"]
[Result "0-1"]
[WhiteElo "1498"]
[BlackElo "1654"]
[PlyCount "56"]
[EventDate "2022.11.13"]
[EventType "team-swiss"]
[EventRounds "7"]
[EventCountry "POL"]
[SourceTitle "EXT 2024"]
[Source "ChessBase"]
[SourceDate "2023.10.10"]
[SourceVersion "1"]
[SourceVersionDate "2023.10.10"]
[SourceQuality "1"]

1. d4 Nf6 2. Bf4 g6 3. Nc3 d5 4. Nf3 Bg7 5. Qd2 0-0 6. Bh6 Nc6 7. Bxg7 Kxg7 8. e3 Bf5 9. Nh4 Ne4 10. Nxf5+ gxf5 11. Qd1 e6 12. Ne2 Ne7 13. Nf4 Ng6 14. h4 Nxf4 15. exf4 Qd6 16. c3 Qxf4 17. Qc2 Rac8 18. Bd3 c5 19. Bxe4 fxe4 20. dxc5 Rxc5 21. g3 Qf3 22. 0-0 f5 23. Qd2 Rc7 24. Qg5+ Kh8 25. Qh6 Rg7 26. Kh2 f4 27. g4 Rfg8 28. g5 Rg6 0-1

[Event "Rubinstein Memorial-C 55th"]
[Site "Polanica Zdroj"]
[Date "2019.08.25"]
[Round "9"]
[White "Jeziorny, Janusz"]
[Black "Strugacz, Michal"]
[Result "1/2-1/2"]
[WhiteElo "1780"]
[BlackElo "1443"]
[PlyCount "70"]
[EventDate "2019.08.17"]
[EventType "swiss"]
[EventRounds "9"]
[EventCountry "POL"]
[SourceTitle "EXT 2020"]
[Source "ChessBase"]
[SourceDate "2019.10.17"]
[SourceVersion "1"]
[SourceVersionDate "2019.10.17"]
[SourceQuality "1"]

1. e4 e5 2. Nf3 Nf6 3. Nxe5 d6 4. Nf3 Nxe4 5. Nc3 Nxc3 6. dxc3 Be7 7. Be3 Be6 8. Qd2 c6 9. Nd4 Nd7 10. f3 Qc7 11. b3 d5 12. Bd3 g6 13. Bf4 Bd6 14. Bxd6 Qxd6 15. 0-0 Nc5 16. Rfe1 0-0 17. Re2 Bd7 18. b4 Ne6 19. Nxe6 Bxe6 20. Rae1 Rfe8 21. Re5 b6 22. Qe3 Kg7 23. f4 Bd7 24. Qf2 f6 25. Rxe8 Rxe8 26. Rxe8 Bxe8 27. a4 c5 28. bxc5 Qxc5 29. Qxc5 bxc5 30. a5 c4 31. Be2 Kf7 32. Kf2 Ke6 33. Ke3 Kd6 34. Kd4 Bf7 35. Bf3 h5 1/2-1/2

[Event "Wloclawek CC Classic 23rd"]
[Site "Wloclawek"]
[Date "2019.??.??"]
[Round "3"]
[White "Cichocki, Konrad"]
[Black "Jeziorny, Janusz"]
[Result "1/2-1/2"]
[WhiteElo "1809"]
[BlackElo "1778"]
[PlyCount "72"]
[EventDate "2019.06.??"]
[EventType "swiss"]
[EventRounds "7"]
[EventCountry "POL"]
[SourceTitle "EXT 2021"]
[Source "ChessBase"]
[SourceDate "2020.10.23"]
[SourceVersion "1"]
[SourceVersionDate "2020.10.23"]
[SourceQuality "1"]

1. c4 e5 2. g3 Nf6 3. Nc3 Bb4 4. Bg2 0-0 5. Qb3 Bxc3 6. Qxc3 Re8 7. e3 c6 8. Ne2 d5 9. 0-0 dxc4 10. Qxc4 Be6 11. Qh4 Qd3 12. Nc3 Bf5 13. f3 Nbd7 14. g4 Be6 15. g5 Nd5 16. f4 Nxc3 17. dxc3 exf4 18. e4 Ne5 19. Bxf4 Ng6 20. Qg3 Nxf4 21. Qxf4 Rad8 22. Rf2 Rd7 23. e5 Qc4 24. Qe3 a5 25. Be4 Red8 26. b3 Qb5 27. c4 Qb4 28. Raf1 Rd1 29. Bc2 Rxf1+ 30. Rxf1 Qd2 31. Qxd2 Rxd2 32. Rd1 Rxd1+ 33. Bxd1 h6 34. gxh6 gxh6 35. Kf2 Kg7 36. Bc2 f6 1/2-1/2

[Event "Wloclawek CC Classic 22nd"]
[Site "Wloclawek"]
[Date "2019.??.??"]
[Round "1"]
[White "Jeziorny, Janusz"]
[Black "Milewski, Miroslaw"]
[Result "1-0"]
[WhiteElo "1802"]
[BlackElo "1214"]
[PlyCount "49"]
[EventDate "2019.04.??"]
[EventType "swiss"]
[EventRounds "7"]
[EventCountry "POL"]
[SourceTitle "EXT 2021"]
[Source "ChessBase"]
[SourceDate "2020.10.23"]
[SourceVersion "1"]
[SourceVersionDate "2020.10.23"]
[SourceQuality "1"]

1. e4 e5 2. Nf3 Nc6 3. Bb5 Nf6 4. Nc3 Bb4 5. 0-0 Bxc3 6. bxc3 0-0 7. Re1 d6 8. h3 a6 9. Bf1 Re8 10. d3 b5 11. Bg5 Re6 12. d4 d5 13. Bxf6 Qxf6 14. exd5 Re8 15. dxc6 Qxc6 16. Nxe5 Qxc3 17. Re3 Qb4 18. Qf3 Be6 19. d5 f6 20. Nc6 Qb2 21. Rae1 Bd7 22. Rxe8+ Bxe8 23. Ne7+ Kf8 24. Qe4 Rd8 25. Qxh7 1-0

[Event "Wloclawek-ch"]
[Site "Wloclawek"]
[Date "2019.??.??"]
[Round "2"]
[White "Jeziorny, Janusz"]
[Black "Muzalewski, Slawomir"]
[Result "1-0"]
[WhiteElo "1719"]
[BlackElo "1437"]
[PlyCount "95"]
[EventDate "2019.09.??"]
[EventType "swiss"]
[EventRounds "9"]
[EventCountry "POL"]
[SourceTitle "EXT 2021"]
[Source "ChessBase"]
[SourceDate "2020.10.23"]
[SourceVersion "1"]
[SourceVersionDate "2020.10.23"]
[SourceQuality "1"]

1. e4 e5 2. Nf3 Nc6 3. Bb5 a6 4. Ba4 b5 5. Bb3 Bc5 6. 0-0 d6 7. c3 Nf6 8. d4 exd4 9. cxd4 Bb4 10. a4 Bg4 11. Be3 0-0 12. h3 Bh5 13. g4 Bg6 14. e5 dxe5 15. Nxe5 Nxe5 16. dxe5 Qxd1 17. Rxd1 Bxb1 18. Raxb1 Ne8 19. Bd5 Rc8 20. axb5 axb5 21. Bc6 f6 22. e6 Kh8 23. Bxb5 Nd6 24. Bd7 Rb8 25. Rbc1 Ba5 26. Bc5 Rxb2 27. Bxd6 cxd6 28. e7 Rg8 29. e8Q Rxe8 30. Bxe8 Bb6 31. Rf1 Bc5 32. Kg2 g6 33. Rb1 Re2 34. Bb5 Rd2 35. Bc6 Kg7 36. Rb7+ Kh6 37. h4 Rd4 38. Kg3 d5 39. Rd7 Rd3+ 40. f3 d4 41. Rd5 Rc3 42. g5+ fxg5 43. hxg5+ Kg7 44. Rd7+ Kf8 45. Ra1 Ba3 46. Rb1 Bd6+ 47. Rxd6 Ke7 48. Rf6 1-0

[Event "Wloclawek-ch"]
[Site "Wloclawek"]
[Date "2019.??.??"]
[Round "9"]
[White "Jeziorny, Janusz"]
[Black "Sztuka, Cezary"]
[Result "1/2-1/2"]
[WhiteElo "1719"]
[BlackElo "1491"]
[PlyCount "82"]
[EventDate "2019.09.??"]
[EventType "swiss"]
[EventRounds "9"]
[EventCountry "POL"]
[SourceTitle "EXT 2021"]
[Source "ChessBase"]
[SourceDate "2020.10.23"]
[SourceVersion "1"]
[SourceVersionDate "2020.10.23"]
[SourceQuality "1"]

1. e4 e6 2. d4 d5 3. exd5 exd5 4. Nf3 Nf6 5. c4 Bg4 6. Be3 Bb4+ 7. Nc3 0-0 8. h3 Bxf3 9. Qxf3 Re8 10. Be2 h6 11. 0-0 c6 12. cxd5 cxd5 13. Bd3 a6 14. Ne2 Ne4 15. Rad1 Nd7 16. Ng3 Ndf6 17. Nf5 Qd7 18. g4 Bf8 19. Bf4 Ng5 20. Bxg5 hxg5 21. Rfe1 g6 22. Ng3 Bg7 23. Re3 Rad8 24. Rde1 Qa4 25. Rxe8+ Rxe8 26. Rxe8+ Qxe8 27. Qe3 Qxe3 28. fxe3 Kf8 29. Kf2 Ke7 30. Kf3 Kd6 31. e4 dxe4+ 32. Nxe4+ Nxe4 33. Kxe4 a5 34. Bc4 Ke7 35. b3 b6 36. Bb5 Ke6 37. Bc4+ Ke7 38. Bd5 Bf6 39. Bc4 Bg7 40. Bd5 Bf6 41. Bc4 Bg7 1/2-1/2

[Event "Baltic Cup-B 2nd"]
[Site "Darlowko"]
[Date "2018.07.03"]
[Round "9"]
[White "Jeziorny, Janusz"]
[Black "Choinska, Debora"]
[Result "1-0"]
[WhiteElo "1782"]
[BlackElo "1545"]
[PlyCount "101"]
[EventDate "2018.06.24"]
[EventType "swiss"]
[EventRounds "9"]
[EventCountry "POL"]
[SourceTitle "CBM 187 Extra"]
[Source "ChessBase"]
[SourceDate "2018.11.04"]
[SourceVersion "1"]
[SourceVersionDate "2018.11.04"]
[SourceQuality "1"]

1. e4 d6 2. d4 Nf6 3. Nc3 Nbd7 4. Nf3 e5 5. Bc4 Be7 6. 0-0 0-0 7. Qe2 c6 8. a4 b6 9. d5 Bb7 10. Rd1 Qc7 11. Bg5 h6 12. Bh4 Rfe8 13. Bg3 cxd5 14. Nxd5 Nxd5 15. Bxd5 Nf6 16. Bxb7 Qxb7 17. Nd2 Rac8 18. c3 Qc6 19. f3 Nh5 20. Nf1 Nxg3 21. hxg3 Bg5 22. Kh2 Red8 23. Ne3 Bxe3 24. Qxe3 d5 25. exd5 Rxd5 26. Rxd5 Qxd5 27. a5 Qc5 28. Qd3 Qc4 29. Qf5 Qc5 30. axb6 axb6 31. Ra7 Rf8 32. Qd7 Qc4 33. Rb7 Qb3 34. Qc7 Qxb2 35. Rxb6 Qe2 36. Qe7 Rc8 37. Rc6 Ra8 38. Rc7 Rf8 39. c4 e4 40. fxe4 Qh5+ 41. Kg1 Qd1+ 42. Kf2 Qd2+ 43. Kf3 Qd1+ 44. Ke3 Qg1+ 45. Kd3 Qxg2 46. Qd6 Qf3+ 47. Kd4 Qd1+ 48. Kc5 Qg1+ 49. Kc6 Qg2 50. Kd7 Qxe4 51. Qxf8+ 1-0

[Event "Baltic Cup-B 2nd"]
[Site "Darlowko"]
[Date "2018.06.29"]
[Round "6"]
[White "Zak, Pawel"]
[Black "Jeziorny, Janusz"]
[Result "1-0"]
[WhiteElo "1735"]
[BlackElo "1782"]
[PlyCount "115"]
[EventDate "2018.06.24"]
[EventType "swiss"]
[EventRounds "9"]
[EventCountry "POL"]
[SourceTitle "CBM 187 Extra"]
[Source "ChessBase"]
[SourceDate "2018.11.04"]
[SourceVersion "1"]
[SourceVersionDate "2018.11.04"]
[SourceQuality "1"]

1. b4 c6 2. e3 Qb6 3. a3 a5 4. b5 d5 5. Nf3 Nf6 6. c4 Bg4 7. d4 dxc4 8. Bxc4 e6 9. Nc3 Nd5 10. Na4 Qc7 11. 0-0 Bd6 12. h3 Bh5 13. e4 Nb6 14. Nxb6 Qxb6 15. d5 cxd5 16. exd5 e5 17. Re1 Nd7 18. g4 Qc7 19. Bb3 Bg6 20. Bb2 0-0 21. Rc1 Qb8 22. Nd2 Nb6 23. Ne4 Bxe4 24. Rxe4 Nd7 25. Rec4 Qe8 26. Qd3 Nb6 27. R4c2 Rc8 28. Rxc8 Nxc8 29. Qc3 Qxb5 30. f4 f6 31. f5 Ne7 32. a4 Qb6+ 33. Kg2 Rc8 34. Qd3 Rxc1 35. Bxc1 Kh8 36. Be3 Qc7 37. Bd2 Qb6 38. Be3 Qb4 39. Bd2 Qc5 40. Be3 Qa3 41. Qc3 Qb4 42. Qd3 e4 43. Qc2 b6 44. Bc4 Bc5 45. Bxc5 Qxc5 46. Qxe4 Qd6 47. Qe6 Qe5 48. d6 Qb2+ 49. Be2 Ng8 50. d7 Qd4 51. Bc4 Qd2+ 52. Kf3 Qc3+ 53. Ke4 Qe1+ 54. Kd5 Ne7+ 55. Kd6 Qb4+ 56. Kc7 Qc5+ 57. Kb7 h5 58. d8Q+ 1-0

[Event "Baltic Cup-B 2nd"]
[Site "Darlowko"]
[Date "2018.06.26"]
[Round "3"]
[White "Jeziorny, Janusz"]
[Black "Lascar, Maria Elena"]
[Result "1-0"]
[WhiteElo "1782"]
[BlackElo "1604"]
[PlyCount "73"]
[EventDate "2018.06.24"]
[EventType "swiss"]
[EventRounds "9"]
[EventCountry "POL"]
[SourceTitle "CBM 187 Extra"]
[Source "ChessBase"]
[SourceDate "2018.11.04"]
[SourceVersion "1"]
[SourceVersionDate "2018.11.04"]
[SourceQuality "1"]

1. e4 c5 2. Nf3 e6 3. d4 cxd4 4. Nxd4 Nc6 5. Nb5 d6 6. c4 a6 7. N5c3 Nf6 8. Be3 Be7 9. Be2 0-0 10. 0-0 Bd7 11. f4 Rc8 12. g4 Ne8 13. Nd2 f5 14. exf5 exf5 15. Nd5 Nf6 16. Nb6 Rb8 17. g5 Ne8 18. h4 Be6 19. Bf3 Nc7 20. Nd5 Qd7 21. Rc1 Bd8 22. Nb3 Qf7 23. Nb6 Qe7 24. Re1 Ne8 25. Bf2 Rf7 26. Rc2 Bxb6 27. Bxb6 Qd7 28. Nd4 Nxd4 29. Qxd4 Rc8 30. b3 g6 31. Rce2 Ng7 32. Ba5 Re7 33. Bc3 Rc7 34. Bb4 Ne8 35. Rxe6 Rxe6 36. Rxe6 b5 37. Bd5 1-0

[Event "Wloclawek-ch"]
[Site "Wloclawek"]
[Date "2018.??.??"]
[Round "9"]
[White "Cichocki, Konrad"]
[Black "Jeziorny, Janusz"]
[Result "0-1"]
[WhiteElo "1843"]
[BlackElo "1794"]
[PlyCount "44"]
[EventDate "2018.09.??"]
[EventType "swiss"]
[EventRounds "9"]
[EventCountry "POL"]
[SourceTitle "EXT 2021"]
[Source "ChessBase"]
[SourceDate "2020.10.23"]
[SourceVersion "1"]
[SourceVersionDate "2020.10.23"]
[SourceQuality "1"]

1. Nf3 Nf6 2. c4 c5 3. d4 cxd4 4. Nxd4 Nc6 5. Nc3 Qa5 6. Nb3 Qc7 7. g3 d6 8. Bg2 a6 9. 0-0 Na5 10. Nxa5 Qxa5 11. Be3 Qc7 12. Rc1 Bd7 13. Qb3 Bc6 14. Nd5 Qb8 15. Nb6 Bxg2 16. Kxg2 e6 17. Qa4+ Ke7 18. Nxa8 Qxa8 19. c5 b5+ 20. c6 bxa4 21. Kg1 g6 22. c7 Bg7 0-1

[Event "Wloclawek-ch"]
[Site "Wloclawek"]
[Date "2018.??.??"]
[Round "4"]
[White "Jeziorny, Janusz"]
[Black "Malinowski, Tadeusz"]
[Result "1-0"]
[WhiteElo "1794"]
[BlackElo "1600"]
[PlyCount "71"]
[EventDate "2018.09.??"]
[EventType "swiss"]
[EventRounds "9"]
[EventCountry "POL"]
[SourceTitle "EXT 2021"]
[Source "ChessBase"]
[SourceDate "2020.10.23"]
[SourceVersion "1"]
[SourceVersionDate "2020.10.23"]
[SourceQuality "1"]

1. e4 e5 2. Nf3 d6 3. Nc3 Nc6 4. Bb5 Bd7 5. d4 exd4 6. Nxd4 Nge7 7. 0-0 g6 8. Bg5 Bg7 9. Bxc6 bxc6 10. Qd3 0-0 11. Rad1 Rb8 12. b3 c5 13. Nf3 f6 14. Bf4 Qc8 15. Rfe1 Nc6 16. Nd5 Re8 17. c3 Bg4 18. Nxc7 Rd8 19. Qd5+ Kh8 20. Bxd6 Rb6 21. Qxc5 Bxf3 22. gxf3 Ne5 23. Bxe5 Rxd1 24. Rxd1 fxe5 25. Qe7 Bf6 26. Qf7 Qg8 27. Qxg8+ Kxg8 28. Nd5 Re6 29. Nxf6+ Rxf6 30. Kg2 a6 31. Rd5 Re6 32. c4 Kf7 33. c5 Ke7 34. b4 h6 35. a4 g5 36. b5 1-0

[Event "Wloclawek-ch"]
[Site "Wloclawek"]
[Date "2018.??.??"]
[Round "6"]
[White "Sliwa, Krzysztof"]
[Black "Jeziorny, Janusz"]
[Result "0-1"]
[WhiteElo "1034"]
[BlackElo "1794"]
[PlyCount "96"]
[EventDate "2018.09.??"]
[EventType "swiss"]
[EventRounds "9"]
[EventCountry "POL"]
[SourceTitle "EXT 2021"]
[Source "ChessBase"]
[SourceDate "2020.10.23"]
[SourceVersion "1"]
[SourceVersionDate "2020.10.23"]
[SourceQuality "1"]

1. d4 Nf6 2. c4 g6 3. Nc3 d5 4. Bf4 Bg7 5. e3 0-0 6. Nf3 c5 7. Be2 Nc6 8. 0-0 cxd4 9. Nxd4 Nxd4 10. Qxd4 Ne4 11. Qd3 Nxc3 12. bxc3 dxc4 13. Qxc4 Qa5 14. Rfc1 Be6 15. Qb4 Qxb4 16. cxb4 Rfc8 17. Rxc8+ Rxc8 18. Rd1 Bxa2 19. Bf3 e5 20. Bg3 Bb3 21. Rb1 b6 22. h3 Bc2 23. Rc1 Bf5 24. Rd1 a5 25. bxa5 bxa5 26. e4 Be6 27. Ra1 Ra8 28. Bd1 f6 29. Ba4 Bf8 30. f3 Bb4 31. Be1 Rb8 32. Bf2 Kf7 33. Rc1 Rc8 34. Rd1 Bc5 35. Bd7 Bxf2+ 36. Kxf2 Rc2+ 37. Ke3 Rxg2 38. Bxe6+ Kxe6 39. Ra1 Rh2 40. Rxa5 Rxh3 41. Ra6+ Kf7 42. Ra7+ Kg8 43. Rd7 h5 44. Kf2 Rh1 45. Kg2 Ra1 46. Kg3 Ra3 47. Kf2 g5 48. Kg2 h4 0-1

[Event "Wloclawek-ch"]
[Site "Wloclawek"]
[Date "2018.??.??"]
[Round "8"]
[White "Stepniak, Stanislaw"]
[Black "Jeziorny, Janusz"]
[Result "0-1"]
[WhiteElo "1517"]
[BlackElo "1794"]
[PlyCount "106"]
[EventDate "2018.09.??"]
[EventType "swiss"]
[EventRounds "9"]
[EventCountry "POL"]
[SourceTitle "EXT 2021"]
[Source "ChessBase"]
[SourceDate "2020.10.23"]
[SourceVersion "1"]
[SourceVersionDate "2020.10.23"]
[SourceQuality "1"]

1. e4 c6 2. Nc3 d5 3. Nf3 Bg4 4. h3 Bxf3 5. Qxf3 e6 6. exd5 cxd5 7. Bb5+ Nc6 8. d4 Nf6 9. 0-0 Be7 10. Ne2 0-0 11. c3 a6 12. Ba4 Ne4 13. Bc2 f5 14. Nf4 Qd7 15. Nd3 Bf6 16. Re1 Rae8 17. Bf4 Qf7 18. Ne5 Nxe5 19. dxe5 Bd8 20. Be3 g5 21. Bd4 Qg7 22. g4 Bc7 23. Qe3 Bxe5 24. f3 Bxd4 25. cxd4 Nd6 26. Rf1 e5 27. gxf5 Nxf5 28. Qb3 Nxd4 29. Qxd5+ Kh8 30. Be4 Ne2+ 31. Kf2 Nf4 32. Qxb7 Qxb7 33. Bxb7 Rb8 34. Bxa6 Rxb2+ 35. Ke3 Ng2+ 36. Ke4 Rb6 37. Bc4 Rf4+ 38. Kd3 Rd4+ 39. Kc3 Rc6 40. Rg1 Rcxc4+ 41. Kb3 Rb4+ 42. Ka3 Ne3 43. Rac1 Ra4+ 44. Kb3 Rdb4+ 45. Kc3 Nd5+ 46. Kd3 Ra3+ 47. Kd2 Rxa2+ 48. Ke1 h6 49. Rg4 Nf4 50. h4 Rbb2 51. Rd1 Re2+ 52. Kf1 Rf2+ 53. Kg1 Nh3+ 0-1

[Event "Wloclawek CC Classic 18th"]
[Site "Wloclawek"]
[Date "2017.??.??"]
[Round "6"]
[White "Darowicki, Mariusz"]
[Black "Jeziorny, Janusz"]
[Result "1/2-1/2"]
[WhiteElo "1963"]
[BlackElo "1801"]
[PlyCount "100"]
[EventDate "2017.04.??"]
[EventType "swiss"]
[EventRounds "7"]
[EventCountry "POL"]
[SourceTitle "EXT 2021"]
[Source "ChessBase"]
[SourceDate "2020.10.23"]
[SourceVersion "1"]
[SourceVersionDate "2020.10.23"]
[SourceQuality "1"]

1. d4 Nf6 2. c4 g6 3. g3 d5 4. Bg2 Bg7 5. cxd5 Nxd5 6. Nf3 0-0 7. 0-0 Nb6 8. Nc3 Nc6 9. e3 Bd7 10. d5 Na5 11. Nd4 Rc8 12. Nb3 Nxb3 13. Qxb3 c6 14. dxc6 Bxc6 15. Rd1 Qc7 16. e4 Nd7 17. Be3 b6 18. Nd5 Bxd5 19. Rxd5 Nf6 20. Rd2 e5 21. f3 Rfd8 22. Rad1 Rxd2 23. Rxd2 Rd8 24. Rxd8+ Qxd8 25. Bf1 Qc7 26. Bc4 Ne8 27. Qd3 Qd6 28. Bd5 Qc7 29. b4 Nd6 30. a4 Bf6 31. f4 Nc8 32. f5 Ne7 33. Bb3 Nc6 34. Qc4 Qd7 35. g4 Nd4 36. Ba2 Nf3+ 37. Kg2 Ne1+ 38. Kg3 g5 39. Qd5 Qxd5 40. Bxd5 Nc2 41. Bd2 Be7 42. b5 Kg7 43. Bc3 f6 44. Kf3 Bc5 45. Bb3 Nd4+ 46. Bxd4 Bxd4 47. Ke2 Kf8 48. Kd3 Ke7 49. Kc4 Kd6 50. Kb4 Bc5+ 1/2-1/2

[Event "Wloclawek-ch"]
[Site "Wloclawek"]
[Date "2017.??.??"]
[Round "6"]
[White "Jeziorny, Janusz"]
[Black "Wieckowska, Oliwia"]
[Result "1-0"]
[WhiteElo "1754"]
[BlackElo "1141"]
[PlyCount "75"]
[EventDate "2017.10.??"]
[EventType "swiss"]
[EventRounds "9"]
[EventCountry "POL"]
[SourceTitle "EXT 2021"]
[Source "ChessBase"]
[SourceDate "2020.10.23"]
[SourceVersion "1"]
[SourceVersionDate "2020.10.23"]
[SourceQuality "1"]

1. e4 e5 2. Nf3 d6 3. Bc4 Be7 4. d3 Nc6 5. c3 Nf6 6. 0-0 0-0 7. h3 h6 8. a4 a6 9. Re1 Re8 10. Nbd2 Be6 11. Bxe6 fxe6 12. Nf1 Nd7 13. d4 exd4 14. cxd4 e5 15. d5 Na7 16. Ng3 c6 17. Nf5 cxd5 18. Qxd5+ Kh8 19. Qf7 Bf8 20. N3h4 Qf6 21. Ng6+ Kh7 22. Nxf8+ Nxf8 23. Qxf6 gxf6 24. Nxd6 Re7 25. Nf5 Rc7 26. Bxh6 Nd7 27. Rac1 Nc6 28. Be3 Rac8 29. Nd6 Rg8 30. b4 Nf8 31. b5 axb5 32. axb5 Rcg7 33. bxc6 bxc6 34. g3 Ne6 35. Nf5 Rd7 36. Rxc6 Ng5 37. Bxg5 fxg5 38. Rh6# 1-0

[Event "Wloclawek-ch"]
[Site "Wloclawek"]
[Date "2017.??.??"]
[Round "3"]
[White "Lyczko, Piotr"]
[Black "Jeziorny, Janusz"]
[Result "1/2-1/2"]
[WhiteElo "1109"]
[BlackElo "1754"]
[PlyCount "80"]
[EventDate "2017.10.??"]
[EventType "swiss"]
[EventRounds "9"]
[EventCountry "POL"]
[SourceTitle "EXT 2021"]
[Source "ChessBase"]
[SourceDate "2020.10.23"]
[SourceVersion "1"]
[SourceVersionDate "2020.10.23"]
[SourceQuality "1"]

1. e4 c6 2. d4 d5 3. e5 c5 4. c3 Nc6 5. Nf3 Bg4 6. Be3 cxd4 7. cxd4 e6 8. Be2 Bb4+ 9. Nbd2 Bxf3 10. Bxf3 Nge7 11. 0-0 Rc8 12. a3 Ba5 13. b4 Bb6 14. Nb3 0-0 15. Nc5 Bxc5 16. bxc5 b6 17. cxb6 Qxb6 18. Qd3 Na5 19. Rab1 Qc6 20. Rfc1 Nc4 21. Bd1 Rb8 22. Rxb8 Rxb8 23. Bb3 Rc8 24. Bd2 Rc7 25. Ba5 Nxa5 26. Rxc6 Rxc6 27. Bc2 g6 28. g4 Rc4 29. Bb3 Nxb3 30. Qxb3 Nc6 31. Qe3 Nxd4 32. Kg2 a5 33. Qg5 Nc6 34. h4 Nxe5 35. Qxe5 Rxg4+ 36. Kh3 Re4 37. Qb8+ Kg7 38. Qb2+ Kg8 39. Qb8+ Kg7 40. Qb2+ Kg8 1/2-1/2